[Event "Junior Online 4NCL Division 4"]
[Site "online"]
[Date "2020.05.28"]
[Round "7.63"]
[White "Vaidyanathan, Sathya"]
[Black "Golding, James"]
[Result "1/2-1/2"]
[WhiteElo "1292"]
[BlackElo "1337"]
[PlyCount "162"]
[EventDate "2020.05.28"]
[WhiteTeam "Warwickshire Bears E"]
[BlackTeam "Robin Hoods 2"]

1. e4 e5 2. Nf3 Nc6 3. Bc4 Nf6 4. Nc3 Bb4 5. a3 Bxc3 6. dxc3 Nxe4 7. Bd5 Nf6 8.
Bxc6 bxc6 9. O-O Qe7 10. Re1 d6 11. h3 Qe6 12. Bg5 h6 13. Bh4 Qf5 14. Nd4 Qg6
15. Qf3 c5 16. Nb3 Rb8 17. Rac1 Bb7 18. Qg3 Qxg3 19. Bxg3 Nh5 20. Nd2 Nxg3 21.
fxg3 O-O 22. b4 cxb4 23. cxb4 Bd5 24. c4 Ba8 25. Rb1 Rfe8 26. b5 e4 27. Rb3 d5
28. cxd5 Bxd5 29. Rbe3 Rxb5 30. Nxe4 Bxe4 31. Rxe4 Rxe4 32. Rxe4 Rb3 33. Re7
Rxa3 34. Rxc7 a6 35. Ra7 a5 36. Kh2 a4 37. h4 Kf8 38. Kh3 Kg8 39. Kg4 Kh7 40.
Kh3 f6 41. Kg4 Ra1 42. Kh3 a3 43. Kg4 a2 44. h5 Kg8 45. Ra6 Kf7 46. Ra7+ Kg8
47. Ra6 Kh7 48. Ra7 Kh8 49. Ra6 Kg8 50. Ra7 Kh7 51. Ra8 g6 52. hxg6+ Kxg6 53.
Ra5 Kg7 54. Ra6 Kf7 55. Ra5 Kg6 56. Rb5 Rb1 57. Ra5 a1=Q 58. Rxa1 Rxa1 59. Kf4
Rg1 60. Kf3 Kg5 61. g4 h5 62. gxh5 Kxh5 63. g3 Kg5 64. Kf2 Rh1 65. Kg2 Rh4 66.
gxh4+ Kxh4 67. Kf3 Kg5 68. Kg3 Kf5 69. Kf3 Ke5 70. Ke3 Ke6 71. Ke4 f5+ 72. Kf4
Kf6 73. Kf3 Ke5 74. Ke3 f4+ 75. Kf3 Kf5 76. Kf2 Kg4 77. Kg2 f3+ 78. Kf2 Kf4 79.
Kf1 Ke3 80. Ke1 f2+ 81. Kf1 Kf3 1/2-1/2

[Event "Junior Online 4NCL Division 4"]
[Site "online"]
[Date "2020.05.28"]
[Round "7.64"]
[White "Wang, Nathaniel"]
[Black "Gibara, Astrid"]
[Result "0-1"]
[WhiteElo "1202"]
[BlackElo "1187"]
[PlyCount "24"]
[EventDate "2020.05.28"]
[WhiteTeam "Robin Hoods 2"]
[BlackTeam "Warwickshire Bears E"]

1. e4 e5 2. Nf3 Nc6 3. d4 f6 4. Bc4 Nge7 5. O-O d5 6. Bb5 dxe4 7. Nfd2 exd4 8.
Nxe4 Qd5 9. Bxc6+ bxc6 10. Ned2 c5 11. Nb3 Bb7 12. Bf4 Qxg2# 0-1

[Event "Junior Online 4NCL Division 4"]
[Site "online"]
[Date "2020.05.28"]
[Round "7.65"]
[White "Walker, Daniel"]
[Black "Guha, Anuraag"]
[Result "1-0"]
[WhiteElo "1382"]
[BlackElo "1277"]
[PlyCount "51"]
[EventDate "2020.05.28"]
[WhiteTeam "Robin Hoods 2"]
[BlackTeam "Warwickshire Bears E"]

1. e4 e5 2. Nf3 Nc6 3. Bc4 Nf6 4. Ng5 d5 5. exd5 Nxd5 6. d4 Be6 7. Nxe6 fxe6 8.
dxe5 Nxe5 9. Qh5+ Nf7 10. O-O Nb4 11. Bxe6 g6 12. Qf3 Qe7 13. Re1 Nxc2 14.
Bxf7+ Kd8 15. Rxe7 Bxe7 16. Qd3+ Kc8 17. Qxc2 Rf8 18. Be6+ Kb8 19. Nc3 Re8 20.
Bf4 b6 21. Nb5 Bd6 22. Bxd6 Kb7 23. Bd5+ c6 24. Bxc6+ Ka6 25. Nc7+ Ka5 26. Qc3#
1-0

[Event "Junior Online 4NCL Division 4"]
[Site "online"]
[Date "2020.05.28"]
[Round "7.66"]
[White "Sagyaman, Vassily M"]
[Black "Wood, Ethan"]
[Result "1-0"]
[WhiteElo "1232"]
[BlackElo "1352"]
[PlyCount "51"]
[EventDate "2020.05.28"]
[WhiteTeam "Warwickshire Bears E"]
[BlackTeam "Robin Hoods 2"]

1. e4 e5 2. Nf3 Nc6 3. Nc3 Nf6 4. Bc4 Be7 5. O-O O-O 6. d4 exd4 7. Nxd4 d6 8.
Nxc6 bxc6 9. Be3 Bg4 10. f3 Bh5 11. b4 Qd7 12. a3 c5 13. b5 h6 14. a4 c6 15.
Rb1 cxb5 16. Bxb5 Qc7 17. Bc4 Rad8 18. Nb5 Qd7 19. Nc3 Bg6 20. Bb5 Qe6 21. Bc4
Qxc4 22. Ne2 d5 23. c3 Rfe8 24. Rb2 Bd6 25. Rd2 Qxa4 26. Qxa4 1-0

[Event "Junior Online 4NCL Division 4"]
[Site "online"]
[Date "2020.05.28"]
[Round "7.67"]
[White "Golding, James"]
[Black "Vaidyanathan, Sathya"]
[Result "0-1"]
[WhiteElo "1337"]
[BlackElo "1292"]
[PlyCount "56"]
[EventDate "2020.05.28"]
[WhiteTeam "Robin Hoods 2"]
[BlackTeam "Warwickshire Bears E"]

1. e4 e5 2. f4 exf4 3. Nf3 Nc6 4. d4 d6 5. Bxf4 Nf6 6. Nc3 Bg4 7. h3 Bxf3 8.
gxf3 Be7 9. Bb5 a6 10. Bxc6+ bxc6 11. Qd2 c5 12. dxc5 dxc5 13. Qxd8+ Rxd8 14.
Bxc7 Rd7 15. Bf4 Bd6 16. Bxd6 Rxd6 17. e5 Re6 18. O-O-O Rxe5 19. f4 Rf5 20.
Rhf1 O-O 21. Rd6 Rh5 22. Rf3 Ra8 23. Rc6 h6 24. f5 Nd7 25. Rc7 Ne5 26. Rxc5
Nxf3 27. Nd5 Rxh3 28. f6 Rh1# 0-1

[Event "Junior Online 4NCL Division 4"]
[Site "online"]
[Date "2020.05.28"]
[Round "7.68"]
[White "Gibara, Astrid"]
[Black "Wang, Nathaniel"]
[Result "0-1"]
[WhiteElo "1187"]
[BlackElo "1202"]
[PlyCount "70"]
[EventDate "2020.05.28"]
[WhiteTeam "Warwickshire Bears E"]
[BlackTeam "Robin Hoods 2"]

1. e4 c5 2. d4 cxd4 3. Qxd4 Nc6 4. Qd2 Nf6 5. Nc3 e5 6. Nf3 Bc5 7. Bc4 O-O 8.
O-O d6 9. Qg5 Bg4 10. Be2 Re8 11. Nh4 Bxe2 12. Nf5 g6 13. Nxe2 Re6 14. a3 Qb6
15. b4 Nxe4 16. Nh6+ Kf8 17. Qh4 Bd4 18. Rb1 Rf6 19. Qxe4 Bxf2+ 20. Kh1 Rd8 21.
Be3 Bxe3 22. Rxf6 d5 23. Rxf7+ Ke8 24. Qf3 e4 25. Rf8+ Ke7 26. Qf7+ Kd6 27.
Qf6+ Kc7 28. Rf7+ Kb8 29. b5 Na5 30. Qg7 Nc4 31. Ng8 Nd2 32. Rbf1 Nxf1 33. Rxf1
Qxb5 34. Rf7 Qb1+ 35. Ng1 Qxg1# 0-1

[Event "Junior Online 4NCL Division 4"]
[Site "online"]
[Date "2020.05.28"]
[Round "7.71"]
[White "Chan, Daniel"]
[Black "Cimurs, Alexander"]
[Result "0-1"]
[WhiteElo "1412"]
[BlackElo "1337"]
[PlyCount "74"]
[EventDate "2020.05.28"]
[WhiteTeam "Watford 2"]
[BlackTeam "Leicestershire Juniors 2"]

1. e4 e5 2. Nf3 Nc6 3. Nc3 Bc5 4. Bc4 Nf6 5. d3 h6 6. O-O d6 7. a3 Bg4 8. h3
Bxf3 9. Qxf3 Nd4 10. Qe3 Nxc2 11. Qe2 Nxa1 12. Be3 Bxe3 13. Qxe3 Nc2 14. Qd2
Nd4 15. Rc1 b5 16. Bxb5+ Nxb5 17. Nxb5 O-O 18. Nxc7 Rc8 19. Nd5 Nxd5 20. Rxc8
Qxc8 21. exd5 Qc5 22. Qe3 Qxe3 23. fxe3 Rb8 24. Kh2 Rxb2 25. Kg3 Rb3 26. Kf3
Rxa3 27. Ke4 a5 28. d4 exd4 29. Kxd4 a4 30. Kc4 Rxe3 31. Kb4 a3 32. Kb5 a2 33.
Kc6 a1=Q 34. Kxd6 Qe5+ 35. Kc6 Rc3+ 36. Kb6 Qb8+ 37. Ka5 Ra3# 0-1

[Event "Junior Online 4NCL Division 4"]
[Site "online"]
[Date "2020.05.28"]
[Round "7.72"]
[White "Datoo, Noor"]
[Black "Hurrell, Theo DR"]
[Result "1-0"]
[WhiteElo "1307"]
[BlackElo "1375"]
[PlyCount "53"]
[EventDate "2020.05.28"]
[WhiteTeam "Leicestershire Juniors 2"]
[BlackTeam "Watford 2"]

1. e4 e5 2. Nf3 Nc6 3. Nc3 Nf6 4. Bc4 Nxe4 5. Nxe4 d5 6. Bxd5 Qxd5 7. Nc3 Qd8
8. d3 Bg4 9. Be3 Bb4 10. Qe2 O-O 11. a3 Nd4 12. Bxd4 exd4 13. Qd1 dxc3 14. axb4
cxb2 15. Rb1 Re8+ 16. Kf1 Qe7 17. c3 Rad8 18. d4 Qe4 19. Rxb2 c6 20. Re2 Bxf3
21. gxf3 Qxf3 22. Rxe8+ Rxe8 23. Qxf3 Re6 24. d5 cxd5 25. Qxd5 b6 26. Qd8+ Re8
27. Qxe8# 1-0

[Event "Junior Online 4NCL Division 4"]
[Site "online"]
[Date "2020.05.28"]
[Round "7.73"]
[White "Demjan, Denisz"]
[Black "Eradi, Madhav"]
[Result "1-0"]
[WhiteElo "1345"]
[BlackElo "1225"]
[PlyCount "91"]
[EventDate "2020.05.28"]
[WhiteTeam "Watford 2"]
[BlackTeam "Leicestershire Juniors 2"]

1. Nf3 d5 2. d4 Nc6 3. Bf4 Nf6 4. e3 a6 5. Bd3 Bg4 6. Nc3 e6 7. h3 Bh5 8. Be2
Bb4 9. Qd2 Ne4 10. Qd3 Na5 11. O-O O-O 12. a3 Bxc3 13. bxc3 Qd6 14. Bxd6 cxd6
15. Nd2 Nxd2 16. Qxd2 Nc4 17. Bxc4 dxc4 18. f3 e5 19. d5 Rfe8 20. e4 g6 21. Qe2
f5 22. Qxc4 Rac8 23. Qd3 fxe4 24. Qxe4 g5 25. Rab1 b5 26. a4 Rc4 27. Qf5 Rxa4
28. Qxg5+ Bg6 29. Ra1 Kf8 30. Qf6+ Kg8 31. Qxd6 Bxc2 32. Rxa4 Bxa4 33. Qxa6 Rd8
34. Qe6+ Kf8 35. d6 Bc2 36. Qe7+ Kg8 37. Qxd8+ Kf7 38. Qc7+ Kf6 39. d7 Kf5 40.
d8=Q Kg6 41. Qdd6+ Kg5 42. Qd2+ Kh4 43. Qh6+ Kg3 44. Qf7 Bg6 45. Qc7 Bd3 46.
Qxe5# 1-0

[Event "Junior Online 4NCL Division 4"]
[Site "online"]
[Date "2020.05.28"]
[Round "7.74"]
[White "Masood, Rameen"]
[Black "Istari, Eliya"]
[Result "0-1"]
[WhiteElo "1097"]
[BlackElo "1330"]
[PlyCount "94"]
[EventDate "2020.05.28"]
[WhiteTeam "Leicestershire Juniors 2"]
[BlackTeam "Watford 2"]

1. e4 e5 2. Nf3 Nc6 3. Nc3 Nf6 4. d4 exd4 5. Nxd4 Bc5 6. Be3 Bxd4 7. Bxd4 d6 8.
Bc4 Be6 9. Qd3 Nb4 10. Qe2 Bxc4 11. Qd2 Nc6 12. O-O-O Qd7 13. Bxf6 gxf6 14. Qe3
O-O-O 15. Rd4 Nxd4 16. Qxd4 Qc6 17. Qxa7 b6 18. Rd1 Rhg8 19. b3 Be6 20. Nd5
Bxd5 21. exd5 Qb7 22. Qxb7+ Kxb7 23. Rd4 Rxg2 24. f4 Rxh2 25. b4 Rf2 26. a4 Ra8
27. a5 bxa5 28. b5 Rg8 29. Kb2 h5 30. Kb3 Rg4 31. Ka4 Rgxf4 32. Rxf4 Rxf4+ 33.
Kxa5 Rf5 34. c4 Rf4 35. c5 dxc5 36. d6 cxd6 37. b6 Rf5 38. Kb5 h4 39. Ka5 Rf1
40. Kb5 Rb1+ 41. Ka5 Rb2 42. Ka4 h3 43. Ka5 h2 44. Ka4 h1=R 45. Ka3 Rbb1 46.
Ka4 Rb4+ 47. Ka5 Ra1# 0-1

[Event "Junior Online 4NCL Division 4"]
[Site "online"]
[Date "2020.05.28"]
[Round "7.75"]
[White "Cimurs, Alexander"]
[Black "Chan, Daniel"]
[Result "1/2-1/2"]
[WhiteElo "1337"]
[BlackElo "1412"]
[PlyCount "65"]
[EventDate "2020.05.28"]
[WhiteTeam "Leicestershire Juniors 2"]
[BlackTeam "Watford 2"]

1. e4 e5 2. Nf3 Nc6 3. Bc4 Nf6 4. Ng5 d5 5. exd5 Nxd5 6. Bxd5 Qxd5 7. O-O Be7
8. Nc3 Qd6 9. d3 O-O 10. Nb5 Qg6 11. Ne4 Bh3 12. Qf3 Bg4 13. Qg3 Rac8 14. h3
Bf5 15. Qxg6 Bxg6 16. Be3 a6 17. Na7 Nxa7 18. Bxa7 b6 19. c4 Ra8 20. Bxb6 cxb6
21. Nd2 Bxd3 22. Rfe1 Bb4 23. Rad1 Bxd2 24. Rxd2 Bxc4 25. Rxe5 f6 26. Re4 Bxa2
27. b4 Rfe8 28. Rxe8+ Rxe8 29. Rxa2 Re1+ 30. Kh2 a5 31. bxa5 bxa5 32. Rxa5 Re2
33. f3 1/2-1/2

[Event "Junior Online 4NCL Division 4"]
[Site "online"]
[Date "2020.05.28"]
[Round "7.76"]
[White "Hurrell, Theo DR"]
[Black "Datoo, Noor"]
[Result "1-0"]
[WhiteElo "1375"]
[BlackElo "1307"]
[PlyCount "123"]
[EventDate "2020.05.28"]
[WhiteTeam "Watford 2"]
[BlackTeam "Leicestershire Juniors 2"]

1. e4 e5 2. Nf3 Nf6 3. Nxe5 d6 4. Nf3 Nc6 5. Nc3 Be7 6. Bc4 Be6 7. Bxe6 fxe6 8.
d3 Qd7 9. O-O O-O-O 10. Be3 a6 11. h3 h6 12. Qe2 g5 13. Rfe1 Rhg8 14. Rad1 g4
15. hxg4 e5 16. g5 hxg5 17. Nxg5 Nh7 18. Nd5 Nxg5 19. Nxe7+ Qxe7 20. Qg4+ Kb8
21. f4 exf4 22. Bxf4 Rdf8 23. Rf1 Ne5 24. Qg3 Qg7 25. Bxg5 Rxf1+ 26. Rxf1 Qxg5
27. Rf8+ Ka7 28. Rxg8 Qc1+ 29. Kh2 Qxc2 30. Qg7 Nf3+ 31. Kg3 Ne5 32. Qf8 Qxb2
33. Qa8+ Kb6 34. Rb8 Ka5 35. Qa7 Nc6 36. Qa8 Nxb8 37. Qxb8 Qxa2 38. Qxc7+ b6
39. Qxd6 b5 40. Qc7+ Ka4 41. e5 b4 42. Qc6+ Ka3 43. Qxa6+ Kb2 44. Qxa2+ Kxa2
45. e6 b3 46. e7 b2 47. e8=Q b1=Q 48. Qa8+ Kb3 49. Qb8+ Kc2 50. Qxb1+ Kxb1 51.
d4 Kc2 52. d5 Kc3 53. d6 Kc4 54. d7 Kc5 55. d8=Q Kc6 56. Qd4 Kb5 57. Kf4 Kc6
58. Ke5 Kb5 59. Kd6 Ka6 60. Qb4 Ka7 61. Kc7 Ka6 62. Qb6# 1-0

[Event "Junior Online 4NCL Division 4"]
[Site "online"]
[Date "2020.05.28"]
[Round "7.77"]
[White "Eradi, Madhav"]
[Black "Demjan, Denisz"]
[Result "0-1"]
[WhiteElo "1225"]
[BlackElo "1345"]
[PlyCount "94"]
[EventDate "2020.05.28"]
[WhiteTeam "Leicestershire Juniors 2"]
[BlackTeam "Watford 2"]

1. e4 e5 2. Nf3 Nc6 3. Bc4 h6 4. c3 d6 5. O-O Nf6 6. Re1 Be7 7. d4 exd4 8. cxd4
O-O 9. d5 Ne5 10. Nxe5 dxe5 11. Nc3 Bg4 12. f3 Bd7 13. Qe2 b6 14. Qf2 Bc5 15.
Be3 Be7 16. Qg3 Nh5 17. Qxe5 Nf6 18. Bf4 Bd6 19. Qd4 Bc5 20. e5 Bxd4+ 21. Kh1
Nh5 22. Bxh6 gxh6 23. Re4 Bxc3 24. bxc3 Bf5 25. Rd4 c5 26. dxc6 Qc7 27. g4 Bxg4
28. fxg4 Ng7 29. Rg1 Qxe5 30. Rd5 Qc7 31. g5 h5 32. g6 Qxc6 33. Bb3 Rad8 34.
gxf7+ Rxf7 35. c4 Rxd5 36. cxd5 Qd6 37. Rc1 Rf5 38. Rc8+ Kh7 39. Ra8 Rxd5 40.
Rxa7 Re5 41. Kg2 Qd2+ 42. Kf3 Qe3+ 43. Kg2 Rg5+ 44. Kf1 Rf5+ 45. Kg2 Qf2+ 46.
Kh3 Qf3+ 47. Kh4 Qg4# 0-1

[Event "Junior Online 4NCL Division 4"]
[Site "online"]
[Date "2020.05.28"]
[Round "7.78"]
[White "Istari, Eliya"]
[Black "Masood, Rameen"]
[Result "0-1"]
[WhiteElo "1330"]
[BlackElo "1097"]
[PlyCount "62"]
[EventDate "2020.05.28"]
[WhiteTeam "Watford 2"]
[BlackTeam "Leicestershire Juniors 2"]

1. e4 e6 2. d4 d5 3. Nc3 Nc6 4. e5 f6 5. Nf3 Bb4 6. a3 Bxc3+ 7. bxc3 Nge7 8.
Bf4 Nf5 9. Bd3 fxe5 10. Nxe5 Qd6 11. Qh5+ g6 12. Nxg6 Ng7 13. Bxd6 Nxh5 14.
Nxh8 cxd6 15. Bxh7 Nf4 16. O-O Ne2+ 17. Kh1 Nxc3 18. Bd3 Nxd4 19. Ng6 e5 20.
Rfe1 e4 21. Bf1 Bf5 22. Nh4 Be6 23. Re3 Nxc2 24. Rxc3 Nxa1 25. f3 exf3 26. Nxf3
Rc8 27. Re3 Kd7 28. Ng5 d4 29. Rxe6 Rc1 30. Kg1 d3 31. Nf3 Nc2 0-1

[Event "Junior Online 4NCL Division 4"]
[Site "online"]
[Date "2020.05.28"]
[Round "7.81"]
[White "Tathare, Rohan"]
[Black "Surapaneni, Rohit"]
[Result "1-0"]
[WhiteElo "1285"]
[BlackElo "1465"]
[PlyCount "107"]
[EventDate "2020.05.28"]
[WhiteTeam "Watford 3"]
[BlackTeam "Cheshire8Y"]

1. e4 e5 2. Nf3 Nc6 3. d4 exd4 4. Bc4 h6 5. c3 Na5 6. Qxd4 Nxc4 7. Qxc4 d6 8.
O-O Be6 9. Qd3 Be7 10. e5 dxe5 11. Qxd8+ Rxd8 12. Nxe5 Bf6 13. Nf3 Ne7 14. Bf4
c6 15. Nbd2 g5 16. Be3 g4 17. Ne1 Bg5 18. Bxg5 hxg5 19. Ne4 Bf5 20. Ng3 Rd2 21.
b3 Bg6 22. f3 gxf3 23. Nxf3 Rd5 24. c4 Rc5 25. Rfe1 Kf8 26. Ne5 Ra5 27. Nxg6+
Nxg6 28. Ne4 Re5 29. Nd6 Rxe1+ 30. Rxe1 b6 31. Nc8 Kg7 32. Nxa7 Ra8 33. Nxc6
Rxa2 34. Rb1 Nf4 35. Nd4 Rxg2+ 36. Kh1 Rd2 37. Nf5+ Kf6 38. Ng3 Ke7 39. Ne4 f6
40. Nxd2 Ke6 41. b4 Nh3 42. c5 Nf2+ 43. Kg2 Ng4 44. cxb6 Kd6 45. Rc1 Ne3+ 46.
Kh3 g4+ 47. Kg3 Nd5 48. b7 Nxb4 49. b8=Q+ Kd5 50. Qxb4 Ke5 51. Rc5+ Kd6 52.
Qb6+ Kd7 53. Rc7+ Kd8 54. Qb8# 1-0

[Event "Junior Online 4NCL Division 4"]
[Site "online"]
[Date "2020.05.28"]
[Round "7.83"]
[White "Chadha, Ishaan"]
[Black "Jia, Ethan"]
[Result "0-1"]
[WhiteElo "1262"]
[BlackElo "1315"]
[PlyCount "100"]
[EventDate "2020.05.28"]
[WhiteTeam "Watford 3"]
[BlackTeam "Cheshire8Y"]

1. e4 e5 2. Nf3 Nc6 3. Bc4 Bc5 4. d3 Nf6 5. h3 d6 6. Bg5 h6 7. Bh4 g5 8. Bg3
Bd7 9. O-O Qe7 10. Nc3 O-O-O 11. Qd2 Be6 12. a3 Bxc4 13. dxc4 Nh5 14. Nd5 Qe6
15. b4 Bd4 16. b5 Bxa1 17. Rxa1 Ne7 18. Ne3 Nf4 19. Nd5 Nfxd5 20. cxd5 Qd7 21.
Rb1 Ng6 22. Qe3 b6 23. a4 Kb7 24. Qa3 Ra8 25. a5 Nf4 26. a6+ Kc8 27. Bxf4 gxf4
28. c4 Rg8 29. Nh2 f5 30. exf5 Qxf5 31. Rb3 Qg6 32. g3 h5 33. Kg2 Qe4+ 34. Kg1
h4 35. g4 Kd7 36. Nf3 Qh7 37. Nh2 Raf8 38. Rc3 Qe4 39. Nf3 Qh7 40. g5 e4 41.
Ne1 Rxg5+ 42. Kf1 Rfg8 43. Qc1 Qh5 44. f3 Rg1+ 45. Ke2 exf3+ 46. Rxf3 Re8+ 47.
Kf2 Rexe1 48. Qxf4 Rgf1+ 49. Kg2 Qg6+ 50. Kh2 Qg1# 0-1

[Event "Junior Online 4NCL Division 4"]
[Site "online"]
[Date "2020.05.28"]
[Round "7.84"]
[White "Idan, Tani"]
[Black "Keerthi Kumar, Advait"]
[Result "0-1"]
[WhiteElo "1285"]
[BlackElo "1202"]
[PlyCount "46"]
[EventDate "2020.05.28"]
[WhiteTeam "Cheshire8Y"]
[BlackTeam "Watford 3"]

1. e4 e5 2. Nf3 Nc6 3. Bc4 Be7 4. Nc3 Nf6 5. d3 O-O 6. Bg5 d6 7. O-O Bg4 8. h3
Bh5 9. Qe2 Nd4 10. Qe3 Nxc2 11. Qd2 Nxa1 12. Bd5 Nxd5 13. Nxd5 Bxg5 14. Nxg5 h6
15. Nf3 Nb3 16. axb3 Bxf3 17. gxf3 c6 18. Nc3 Qh4 19. Kh2 f5 20. d4 Rad8 21.
Rg1 fxe4 22. fxe4 Rxf2+ 23. Qxf2 Qxf2+ 0-1

[Event "Junior Online 4NCL Division 4"]
[Site "online"]
[Date "2020.05.28"]
[Round "7.85"]
[White "Surapaneni, Rohit"]
[Black "Tathare, Rohan"]
[Result "1-0"]
[WhiteElo "1465"]
[BlackElo "1285"]
[PlyCount "169"]
[EventDate "2020.05.28"]
[WhiteTeam "Cheshire8Y"]
[BlackTeam "Watford 3"]

1. d4 d5 2. c4 c6 3. Nc3 Nf6 4. Nf3 Bg4 5. e3 e6 6. c5 a5 7. h3 Bh5 8. Be2 Be7
9. Ne5 Bxe2 10. Qxe2 O-O 11. O-O Nbd7 12. Nxd7 Nxd7 13. e4 dxe4 14. Nxe4 b6 15.
cxb6 Nxb6 16. Rd1 Nd5 17. Qg4 Nf6 18. Nxf6+ Bxf6 19. Be3 Rb8 20. b3 Qe7 21.
Rac1 Rbc8 22. Qf3 Qd7 23. Rc4 Qd5 24. Rdc1 Qxf3 25. gxf3 e5 26. dxe5 Bxe5 27.
Rxc6 Rxc6 28. Rxc6 h6 29. Rc5 Bf6 30. Rxa5 Rc8 31. Rc5 Ra8 32. a4 Be7 33. Rb5
Bf6 34. Bf4 Kh7 35. Rb7 Kg6 36. Rb6 Kf5 37. Bd2 Kg6 38. a5 Kf5 39. a6 Bb2 40.
Be3 Ke5 41. Rc6 Bd4 42. Bxd4+ Kxd4 43. Rb6 Kc5 44. Rb7 Rxa6 45. Rxf7 g5 46. Rb7
Ra1+ 47. Kg2 Ra6 48. Kg3 Kd4 49. b4 Kd5 50. Kg4 Kd6 51. Kh5 Ke5 52. Rh7 Kf4 53.
Rxh6 Ra3 54. Rf6+ Ke5 55. Kxg5 Ra4 56. Rf5+ Kd6 57. Rf4 Ke5 58. h4 Ke6 59. h5
Kd6 60. h6 Ra7 61. Kg6 Ke5 62. Rf7 Ra6+ 63. Kg7 Ra8 64. h7 Ra6 65. h8=Q Rb6 66.
Qe8+ Kd4 67. Rd7+ Kc4 68. Qc8+ Kxb4 69. Rb7 Rxb7+ 70. Qxb7+ Kc5 71. f4 Kd6 72.
Qf7 Kc6 73. Qe8+ Kd5 74. f5 Kd6 75. f6 Kd5 76. f7 Kd6 77. f8=Q+ Kd5 78. Qef7+
Kd4 79. Qd7+ Ke5 80. Qfe8+ Kf4 81. Qdf7+ Kg4 82. Qe4+ Kh3 83. Qff3+ Kh2 84.
Qh4+ Kg1 85. Qfh1# 1-0

[Event "Junior Online 4NCL Division 4"]
[Site "online"]
[Date "2020.05.28"]
[Round "7.87"]
[White "Jia, Ethan"]
[Black "Chadha, Ishaan"]
[Result "1-0"]
[WhiteElo "1315"]
[BlackElo "1262"]
[PlyCount "45"]
[EventDate "2020.05.28"]
[WhiteTeam "Cheshire8Y"]
[BlackTeam "Watford 3"]

1. d4 d5 2. c4 Nc6 3. Nf3 Nf6 4. cxd5 Qxd5 5. Nc3 Qd6 6. e4 e5 7. d5 Ne7 8. Nb5
Qb6 9. Qc2 c6 10. Nd6+ Kd8 11. Nxf7+ Ke8 12. Nxh8 Qb4+ 13. Bd2 Qb6 14. Nxe5 g6
15. Nhf7 Qc7 16. Bf4 Qa5+ 17. Bd2 Qb6 18. Nd6+ Kd8 19. Ndc4 Qc5 20. Nf7+ Kd7
21. Nce5+ Kc7 22. Qxc5 Kb8 23. Qd6# 1-0

[Event "Junior Online 4NCL Division 4"]
[Site "online"]
[Date "2020.05.28"]
[Round "7.88"]
[White "Keerthi Kumar, Advait"]
[Black "Idan, Tani"]
[Result "1-0"]
[WhiteElo "1202"]
[BlackElo "1285"]
[PlyCount "109"]
[EventDate "2020.05.28"]
[WhiteTeam "Watford 3"]
[BlackTeam "Cheshire8Y"]

1. e4 e5 2. Nf3 Nc6 3. Be2 Nf6 4. Nc3 Bb4 5. O-O O-O 6. a3 Ba5 7. b4 Bb6 8. Bb2
d6 9. Na4 Bg4 10. Nxb6 axb6 11. b5 Ne7 12. d4 Nxe4 13. dxe5 dxe5 14. Bxe5 c6
15. bxc6 bxc6 16. Bd3 Ng5 17. Be2 Qxd1 18. Rfxd1 Bxf3 19. Bxf3 Nxf3+ 20. gxf3
Rad8 21. Bd6 Rde8 22. Re1 Rc8 23. Bxe7 Rfe8 24. Bb4 Rxe1+ 25. Rxe1 h6 26. Rb1
b5 27. Rc1 Re8 28. c4 Re6 29. cxb5 cxb5 30. Rc5 Rf6 31. Kg2 Rb6 32. Ba5 Rb7 33.
Rc1 Ra7 34. Bb4 Rb7 35. Rb1 g6 36. Bc5 h5 37. a4 Kg7 38. Rxb5 Rc7 39. Bd4+ Kf8
40. a5 Rc6 41. Rb6 Rc7 42. a6 Ke7 43. Rb7 Rxb7 44. axb7 Kd8 45. b8=Q+ Kd7 46.
Qb6 Ke7 47. Qc6 f5 48. h4 f4 49. Kh3 Kf7 50. Qf6+ Ke8 51. Qg7 Kd8 52. Qf7 Kc8
53. Qe7 Kb8 54. Qd7 Ka8 55. Qc8# 1-0

[Event "Junior Online 4NCL Division 4"]
[Site "online"]
[Date "2020.06.04"]
[Round "8.11"]
[White "Surapaneni, Rohit"]
[Black "Chan, Daniel"]
[Result "1-0"]
[WhiteElo "1465"]
[BlackElo "1412"]
[PlyCount "93"]
[EventDate "2020.06.04"]
[WhiteTeam "Cheshire8Y"]
[BlackTeam "Watford 2"]

1. e4 e5 2. Nf3 Nc6 3. Bc4 Nf6 4. Ng5 d5 5. exd5 Nxd5 6. Nxf7 Kxf7 7. Qf3+ Ke6
8. Nc3 Nd4 9. Qxd5+ Qxd5 10. Bxd5+ Kd6 11. Bb3 Bf5 12. d3 Nxb3 13. axb3 Kd7 14.
O-O Bb4 15. Re1 Rhe8 16. Bd2 Bxc3 17. Bxc3 Kd6 18. h3 g6 19. Re2 Re7 20. Bb4+
c5 21. Bc3 e4 22. dxe4 Rxe4 23. Rxe4 Bxe4 24. Rd1+ Ke6 25. Re1 Kf5 26. Re2 a5
27. g4+ Kf4 28. Bd2+ Ke5 29. f3 b5 30. Rxe4+ Kd5 31. c4+ bxc4 32. bxc4+ Kd6 33.
Re3 Rb8 34. b3 a4 35. bxa4 Rb2 36. Re2 Ra2 37. Bf4+ Kd7 38. Rxa2 Ke6 39. Rb2
Kd7 40. a5 Kc6 41. a6 h5 42. gxh5 gxh5 43. a7 h4 44. a8=Q+ Kd7 45. Qa7+ Ke6 46.
Rb6+ Kf5 47. Qf7# 1-0

[Event "Junior Online 4NCL Division 4"]
[Site "online"]
[Date "2020.06.04"]
[Round "8.12"]
[White "Hurrell, Theo DR"]
[Black "Epstein, Jacob"]
[Result "0-1"]
[WhiteElo "1375"]
[BlackElo "1427"]
[PlyCount "96"]
[EventDate "2020.06.04"]
[WhiteTeam "Watford 2"]
[BlackTeam "Cheshire8Y"]

1. e4 e6 2. Nf3 d5 3. d3 dxe4 4. Ne5 exd3 5. Bxd3 Bd6 6. Bf4 Nd7 7. Qe2 Nxe5 8.
Bxe5 Nf6 9. Bxd6 Qxd6 10. Qd2 Qe5+ 11. Be2 Qxb2 12. Qc3 Qxc3+ 13. Nxc3 Bd7 14.
Bb5 O-O-O 15. O-O a6 16. Bc4 Bc6 17. Rad1 Rxd1 18. Rxd1 Rd8 19. Rxd8+ Kxd8 20.
Bd3 g6 21. h3 Nd5 22. Ne4 f6 23. Nc5 Ke7 24. g3 Nb4 25. a3 Nxd3 26. cxd3 Kd6
27. Nb3 e5 28. d4 Bd5 29. dxe5+ Kxe5 30. Nd2 c5 31. f4+ Kd4 32. Kf2 b5 33. Ke2
b4 34. axb4 cxb4 35. Nb1 a5 36. Kd2 a4 37. Kc2 Be4+ 38. Kb2 Bxb1 39. Kxb1 Kc3
40. g4 b3 41. g5 fxg5 42. fxg5 a3 43. h4 a2+ 44. Ka1 Kc2 45. h5 b2+ 46. Kxa2
b1=Q+ 47. Ka3 Kc3 48. hxg6 Qa1# 0-1

[Event "Junior Online 4NCL Division 4"]
[Site "online"]
[Date "2020.06.04"]
[Round "8.13"]
[White "Jia, Ethan"]
[Black "Demjan, Denisz"]
[Result "0-1"]
[WhiteElo "1315"]
[BlackElo "1345"]
[PlyCount "85"]
[EventDate "2020.06.04"]
[WhiteTeam "Cheshire8Y"]
[BlackTeam "Watford 2"]

1. d4 d5 2. c4 e6 3. Nc3 Nf6 4. Bg5 Be7 5. Bf4 Nc6 6. Nf3 h6 7. e3 a6 8. Be2
O-O 9. O-O Bd7 10. c5 Rb8 11. Qc2 a5 12. Nb5 Nb4 13. Qc3 c6 14. Bxb8 cxb5 15.
Ba7 Qa8 16. Bb6 Bd8 17. Bxd8 Qxd8 18. a3 Na6 19. Bd3 b6 20. b4 Bc6 21. bxa5
bxa5 22. Qxa5 Qxa5 23. Ne5 Qc7 24. Rab1 Rb8 25. Rb2 Nd7 26. Nf3 Qa5 27. Ra2 Nc7
28. Rb1 Qc3 29. Be2 f6 30. h3 Kf7 31. g3 e5 32. dxe5 Nxe5 33. Nd4 Qxc5 34. a4
b4 35. Nb3 Qd6 36. a5 Nc4 37. Bh5+ g6 38. Be2 Bb5 39. Nd4 Ba6 40. Nc2 b3 41.
Bf3 bxc2 42. Rxb8 c1=Q+ 43. Kg2 0-1

[Event "Junior Online 4NCL Division 4"]
[Site "online"]
[Date "2020.06.04"]
[Round "8.15"]
[White "Chan, Daniel"]
[Black "Surapaneni, Rohit"]
[Result "0-1"]
[WhiteElo "1412"]
[BlackElo "1465"]
[PlyCount "132"]
[EventDate "2020.06.04"]
[WhiteTeam "Watford 2"]
[BlackTeam "Cheshire8Y"]

1. e4 e5 2. Nf3 Nc6 3. Bc4 Bc5 4. c3 Nf6 5. Qe2 O-O 6. O-O d6 7. d3 h6 8. Be3
Bb6 9. Bxb6 axb6 10. d4 Bg4 11. Rd1 Re8 12. h3 Bh5 13. Nbd2 exd4 14. cxd4 Nxd4
15. Qd3 Nxf3+ 16. Nxf3 Nxe4 17. Re1 Nc5 18. Qd5 Qf6 19. Qxh5 c6 20. b4 Nd7 21.
Rxe8+ Rxe8 22. Re1 Rxe1+ 23. Nxe1 d5 24. Be2 Qa1 25. Kf1 Qxa2 26. Qf5 Nf6 27.
Qc8+ Kh7 28. Bd3+ g6 29. Qxb7 Kg7 30. Qxc6 Qa7 31. Nf3 Qa1+ 32. Ke2 Qb2+ 33.
Ke3 Qxb4 34. h4 Ng4+ 35. Ke2 Qb2+ 36. Nd2 Nxf2 37. Qxd5 Ng4 38. Qf3 Ne5 39. Qe4
b5 40. h5 b4 41. Ke3 Qc3 42. hxg6 Nxg6 43. Qg4 Qf6 44. Ne4 Qb6+ 45. Kf3 Kh7 46.
Qd7 Ne5+ 47. Ke2 Nxd7 48. Nd2+ Kg7 49. Ne4 b3 50. Nd2 b2 51. g4 Ne5 52. g5 Nxd3
53. Kxd3 b1=Q+ 54. Nxb1 Qxb1+ 55. Kd4 hxg5 56. Ke3 Qf1 57. Ke4 g4 58. Ke5 g3
59. Kd6 g2 60. Ke7 g1=Q 61. Ke8 Qe2+ 62. Kd7 Qgd1+ 63. Kc6 Qb2 64. Kc5 Qbc2+
65. Kb4 Qdb1+ 66. Ka3 Qca2# 0-1